000 00270nam a2200121 i 4500
001 bg
245 0 _aSbornik rabot po teorii funkcij.
_nNr 4.
260 _aTbilisi,
_c1972.
040 _cBPK
041 _apol
942 _cKS
008 s pl f |000 0 pol
999 _c15099
_d15099
856 _uhttp://koha.tu.koszalin.pl/cgi-bin/koha/opac-detail.pl?biblionumber=15099
_yKatalog online BPK